Statistics for History of Rap, Part II

Click here to take the quiz!

General Stats

  • This quiz has been taken 585 times
    (584 since last reset)
  • The average score is 10 of 20

Answer Stats

HintAnswer% Correct
In Da Club50 Cent
92%
Ice Ice BabyVanilla Ice
91%
Hey YaOutkast
85%
Hot in HerreNelly
83%
A MilliLil Wayne
73%
Express YourselfNWA
69%
Insane in the BrainCypress Hill
69%
The MessageGrandmaster Flash and the Furious Five
56%
Push ItSalt-n-Pepa
53%
Up in HereDMX
52%
Just a FriendBiz Markie
51%
All I Do Is WinDJ Khaled
47%
Bring the NoisePublic Enemy
46%
The BreaksKurtis Blow
38%
B.M.F.Rick Ross
30%
It Takes TwoRob Base and DJ E-Z Rock
26%
Teach Me How to DougieCali Swag District
25%
The Choice is YoursBlack Sheep
18%
Let Me Clear My ThroatDJ Kool
13%
Put Your Hands UpFatman Scoop
2%

Score Distribution

Percentile by Number Answered

Percent of People with Each Score

Your Score History

You have not taken this quiz since the last reset